Fast typing 1 to 20 - Statistics

General Stats
  • This quiz has been taken 193 times
  • The average score is 18 of 20
Answer Stats
Answer % Correct
1
100%
2
99%
4
99%
8
99%
9
99%
3
97%
5
97%
6
97%
7
97%
10
94%
12
93%
11
91%
13
90%
14
90%
15
87%
16
87%
17
84%
18
80%
19
78%
20
72%
No matching quizzes found
Score Distribution
Percent of People with Each Score
Percentile by Number Answered
Your Score History
You have not taken this quiz